LEADER 01078nam a2200277 u 4500 001 000000089378 003 CaOOAMICUS 005 20070226124618.0 008 051118s1965 fr u000 u fre u 035 $a11069507 040 $aPUL(R)$bita 100 1 $aLubac, Henri de,$cS.I.,$d1896-1991.$0(OLS)http://pul/name/6263 245 13$aLe drame de l'humanisme athée /$cpar Henri De Lubac. 260 $a[Paris] :$bEd. Spes,$c1965. 300 $a376 p. ;$c18 cm 490 1 $aLe monde en 10/18 ;$v103-104 500 $aNouveau tirage. 504 $aContiene indicazioni bibliografiche. 650 4$aAteismo.$0(OLS)http://pul/subject/406 830 3$aLe monde en 10/18 ;$v103-104.$0(OLS)http://pul/title/70247 850 $aPUL 852 $aPUL$W1$xDP1 Fondo Pastorale$y55$mP12 A 23$j113011$nBK-PRI$b $qFondi$B113011$CPULBib$Z2$F113011 $H $81 900 $aDe Lubac, Henri$96263 941 1 $a1 996 $6245$aLe drame de l'humanisme athée$9(OLS)http://pul/title/68100 996 $6260$a[Paris] :$bEd. Spes$9(OLS)http://pul/publisher/78148 LEADER 01287namaa2200337 i 4500 001 000000178138 003 CaOOAMICUS 005 20251016112527.0 007 tu 008 251016s2013 it 000 u ita r 020 $a978-88-215-7740-6* 040 $aPUL$bita$erda 082 0 $a254 100 1 $aBello, Antonio,$cvesc. di Molfetta-Rufo-Giovinazzo-Terlizzi,$d1935-1993,$eautore.$0(OLS)http://pul/name/1633 245 13$aLa parrocchia /$cDon Tonino Bello. 264 4$c©2013. 264 1$aCinisello Balsamo :$bSan Paolo,$c[2013] 300 $a70 pagine ;$c19 cm 336 $atesto$btxt$2rdacontent 337 $asenza mediazione$bn$2rdamedia 338 $avolume$bnc$2rdacarrier 650 4$aParrocchie.$0(OLS)http://pul/subject/16866 850 $aPUL 852 $aPUL$W1$xDP1 Fondo Liberati$y125$m2 H 2$j157519$qFondi$B207211$CPULBib$Z2$F207211 $HLib48 $82 941 1 $a1 996 $6020$a978-88-215-7740-6*$9(OLS)http://pul/number/170621 996 $6082$a254$9(OLS)http://pul/classification/2953 996 $6245$aLa parrocchia$9(OLS)http://pul/title/219697 996 $6264$aCinisello Balsamo :$bSan Paolo$9(OLS)http://pul/publisher/54577 996 $6264$a[S.l.] :$b[s.n.]$9(OLS)http://pul/publisher/0